00538nam a2200193Ia 450000500170000000800410001702000150005808200130007310000150008624500330010126000420013430000130017665000100018965000130019965000130021294200060022595200980023199900150032920250310011618.0240331s9999 xx 000 0 und d a9552031524 bJAYa891 aJayakody,S 0aBalawaththu saha bavalaththu aColombobS. Godage and Brothersc1991 a200 p ., aWomen aReligion aCultural cL 001040708LaWERCLbWERCLcSSCd2024-03-31l0o 891.48 JAYp4458r2024-03-31w2024-03-31yL c4817d4817